| 000 | 00855nam a2200253 a 4500 | ||
|---|---|---|---|
| 001 | 000011561 | ||
| 005 | 20200929162507.0 | ||
| 008 | 091014s2004 dr 000 p spa d | ||
| 020 | _a1932271228 | ||
| 040 |
_aDO-SdBNP _bspa _cBNPHU |
||
| 082 |
_aPR861.44 _bR292s |
||
| 100 | 1 |
_aRebollo-Gil, Guillermo _d1979- _912650 |
|
| 245 | 1 | 0 |
_asonero / _cGuillermo Rebollo-Gil ; prólogo Alberto Martínez Márquez. |
| 260 |
_aSan Juan, Puerto Rico : _bIsla Negra, _c2004. |
||
| 300 |
_a67p. ; _c22 cm. |
||
| 490 | 1 | _aFilo de juego | |
| 500 | _aIncluye datos biográficos del autor en la solapa de la cubierta | ||
| 650 | 4 |
_aPoesía puertorriqueña _91015 |
|
| 650 | 4 |
_aLiteratura puertorriqueña _9250 |
|
| 700 | 1 | 2 |
_aMartínez Márquez, Albeto _epról. _927385 |
| 830 | 0 |
_aFilo de juego _91014 |
|
| 910 | _aValidado. Control de calidad MFF | ||
| 049 | _aBNGR | ||
| 999 |
_c11256 _d11256 |
||